• 首页
  • 本馆介绍
  • 公告通知
  • 最新文献
  • 馆藏检索
  • 电子资源
  • 读者导购
  • 参考咨询
  • 我的图书馆
  • 登录
  • 详细信息显示
  • 放入我的书架
  • 预约/预借图书
  • 作者相关作品
  • 分类相关作品
  • 丛书相关作品
  • 出版社相关作品

书目信息

  • 表格格式
  • 工作单格式
  • 卡片格式
题名:
电力系统发展与智能电网研究
    
 
作者: 李可 著
分册:  
出版信息: 汕头   汕头大学出版社  2021
页数: 125页
开本: 21cm
丛书名:
单 册:
中图分类: TM7 , TM76
科图分类:
主题词: 电力系统--研究 , 智能控制--电网--研究
电子资源:
ISBN: 978-7-5658-4416-4
000 01063nam0 2200241 450
001 2365326722
005 20231119180859.98
010    @a978-7-5658-4416-4@dCNY58.00
100    @a20220809e20222021em y0chiy50 ea
101 0  @achi
102    @aCN@b440000
105    @aa z 000yy
200 1  @a电力系统发展与智能电网研究@Adian li xi tong fa zhan yu zhi neng dian wang yan jiu@f李可著
210    @a汕头@c汕头大学出版社@d2021@h20222印
215    @a125页@c图@d21cm
330    @a本书首先对现代电力系统进行了系统全面的论述,分析了现代电力系统发展现状及面临的问题,并对电力系统信息化发展进行了研究,分析了现代电力系统的运行情况,对电力系统继电保护的基础理论、发展现状以及继电保护技术的应用进行了多维度的分析探讨。基于对电力系统的深入探究和了解,本书进一步对智能电网技术理论进行了系统论述,分析了智能电网中多项技术的研究应用,探究了智能电网在不同领域及模块的实践应用。
606 0  @a电力系统@x研究
606 0  @a智能控制@x电网@x研究
690    @aTM7@v5
690    @aTM76@v5
701  0 @a李可@ALi Ke@f(1979-)@4著
801  0 @aCN@b山东中教@c20231119
905    @aBZT@dTM7@e18
    
    电力系统发展与智能电网研究/李可著.-汕头:汕头大学出版社,2021(20222印)
    125页:图;21cm
    
    
    ISBN 978-7-5658-4416-4:CNY58.00
    本书首先对现代电力系统进行了系统全面的论述,分析了现代电力系统发展现状及面临的问题,并对电力系统信息化发展进行了研究,分析了现代电力系统的运行情况,对电力系统继电保护的基础理论、发展现状以及继电保护技术的应用进行了多维度的分析探讨。基于对电力系统的深入探究和了解,本书进一步对智能电网技术理论进行了系统论述,分析了智能电网中多项技术的研究应用,探究了智能电网在不同领域及模块的实践应用。
●
相关链接 在五车中查询图书 在当当中查询图书 在豆瓣中查询图书


正题名:电力系统发展与智能电网研究     索取号:TM7/18         预约/预借

序号 登录号 条形码 馆藏地/架位号 状态 备注
1 2000985635   2000985635   中教第一批/山东中教(第一批)/361/ [索取号:TM7/18] 在馆    
2 2000985636   2000985636   中教第一批/山东中教(第一批)/361/ [索取号:TM7/18] 在馆    
3 2000985637   2000985637   中教第一批/山东中教(第一批)/361/ [索取号:TM7/18] 在馆    
4 2000985638   2000985638   中教第一批/山东中教(第一批)/361/ [索取号:TM7/18] 在馆    
5 2000985639   2000985639   中教第一批/山东中教(第一批)/361/ [索取号:TM7/18] 在馆    
6 2000985640   2000985640   中教第一批/山东中教(第一批)/361/ [索取号:TM7/18] 在馆    
山东省滨州职业学院图书馆 欢迎您!
大连网信软件有限公司© 版权所有